Informe fin de Gestión (mayo 2001- mayo 2005) /
Furkejuvvon:
| Váldodahkki: | |
|---|---|
| Materiálatiipa: | Girji |
| Giella: | Spanish |
| Almmustuhtton: |
San José, Costa Rica :
INIE,
2005
|
| Fáttát: | |
| Fáddágilkorat: |
Lasit fáddágilkoriid
Eai fáddágilkorat, Lasit vuosttaš fáddágilkora!
|
MARC
| LEADER | 00000nam a2200000Ia 4500 | ||
|---|---|---|---|
| 008 | 180911b2005 cr ||||| |||| 00| | spa d | ||
| 999 | |c 2360 |d 2360 | ||
| 090 | |a 19.02.08 |b 1125 | ||
| 100 | 1 | |a Chaves Salas, Ana Lupita |9 255 | |
| 245 | 1 | 0 | |a Informe fin de Gestión (mayo 2001- mayo 2005) / |c Ana Lupita Chaves Salas, |
| 260 | |a San José, Costa Rica : |b INIE, |c 2005 | ||
| 300 | |a ca. 200 páginas | ||
| 500 | |a El instituto cuenta con el informe fin de gestion Mayo 2005-Junio 2008 | ||
| 610 | 2 | 4 | |9 153 |a INSTITUTO DE INVESTIGACIÓN EN EDUCACIÓN |
| 650 | 1 | 4 | |a INFORMES DE ACTIVIDADES |9 1465 |
| 942 | |i 001833 ,003613 |h 19.02.08 1125 |2 z |c 04 | ||
| 942 | |i 001833 ,003613 |h 19.02.08 1125 |2 z | ||
